header

Freud & psychoanalysis (Record no. 3719)

MARC details
000 -LEADER
fixed length control field 01161nam a2200325 a 4500
082 04 - DEWEY DECIMAL CLASSIFICATION NUMBER
Classification number 150.1952092
100 1# - MAIN ENTRY--AUTHOR NAME
Personal name Rennison, Nick.
245 10 - TITLE STATEMENT
Title Freud & psychoanalysis
260 ## - PUBLICATION, DISTRIBUTION, ETC. (IMPRINT)
Place of publication Harpenden :
Name of publisher Pocket Essentials,
Year of publication 2001.
300 ## - PHYSICAL DESCRIPTION
Number of Pages 96 p.
490 0# - SERIES STATEMENT
Series statement The pocket essential
650 #0 - SUBJECT ADDED ENTRY--TOPICAL TERM
Topical Term Psychoanalysis.
856 40 - ELECTRONIC LOCATION AND ACCESS
Uniform Resource Identifier http://site.ebrary.com/lib/rucke/Doc?id=10005854

No items available.

© 2026 Rongo University
Contact us: librarian | system librarian | Rongo university